| 000 | 00508cam a22002171 4500 | ||
|---|---|---|---|
| 001 | sa 64005612 | ||
| 003 | DLC | ||
| 005 | 20260227112033.0 | ||
| 008 | 890829s1959 bg 000 0abeno | ||
| 010 | _asa 64005612 | ||
| 035 | _a(OCoLC)20276932 | ||
| 040 |
_aDLC _cWaU _dDLC |
||
| 042 | _apremarc | ||
| 050 | 0 | 0 |
_aPK1718.I84 _bS6 |
| 100 | 1 | _aIslam, Muzharul. | |
| 245 | 1 | 0 | _aSonā jharā dina. |
| 260 | _c[1959] | ||
| 300 |
_a135 p. _c23 cm. |
||
| 500 | _aIn Bengali. | ||
| 500 | _aAutobiographical. | ||
| 999 |
_c59214 _d59214 |
||